Statistics for Miraculous: Tales Of Ladybug & Cat Noir

Click here to take the quiz!

General Stats

  • This quiz has been taken 104 times
  • The average score is 7 of 15

Answer Stats

HintsAnswer% Correct
Likes to make fun of peopleChloe
86%
Name was Félix in another versionAdrien
79%
Name was Bridgette in another versionMarinette
76%
Was called super-lier by a girlLila
67%
Slave/Friend of an infamous bullySabrina
61%
Has a red body and black spotsTikki
50%
Signature color is blackPlagg
47%
Wanted to get revenge on a boy who made fun of his animalAniman
46%
Has a stingerPollen
44%
Has a swirl on his headNooroo
39%
Has a big fanned tailDuusu
30%
Lost in a competitionGamer
26%
Wanted to get revenge on a boy who made fun of himStoneheart
20%
Wanted to get revenge on a girl that made fun of himEvillustrator
19%
Wanted to get revenge on a girl who ruined her masterpiecePrincess Fragrance
10%

Score Distribution

Percentile by Number Answered

Percent of People with Each Score

Your Score History

You have not taken this quiz